000 00655nam a22002052 4500
001 0000007070
005 20151217155831.0
008 071110s xx 000 0 eng d
020 _a9966990003 :
_cKES 165
040 _aKABU
_cKABU
100 1 _aOuta, G. Odera.
_@0000158112
245 1 0 _aAfrican examples :
_binspirations for achievement and personal fulfilment /
_cG. Odera Outa.
260 _aNairobi :
_bOCTAWNS,
_c1993.
300 _a100 p.
650 0 _aKenya
_xBiography.
_@0000158113
650 0 _aAfrica
_xBiography
_y20th Century.
_@0000158114
908 _a071110
950 _@1
999 _c13038
_d13038